Statistics for Olympic Groups of Things

Click here to take the quiz!

General Stats

  • This quiz has been taken 731 times
  • The average score is 34 of 43

Answer Stats

Hint Answer % Correct
Colors of the Olympic RingsGold
100%
Colors of the Olympic RingsGreen
100%
Colors of the Olympic RingsRed
100%
Colors of the Olympic RingsBlue
99%
Types of MedalsGold
99%
Types of MedalsSilver
99%
Types of MedalsBronze
98%
Colors of the Olympic RingsBlack
97%
Top Combined
Medal Winning Countries
United States
97%
Events in the TriathlonSwimming
95%
Events in the TriathlonRunning
94%
Events in the TriathlonCycling
93%
Olympic Swimming StrokesButterfly
90%
Olympic Swimming StrokesBackstroke
89%
Host Countries in the
Western Hemisphere
Canada
89%
Top Combined
Medal Winning Countries
Great Britain
89%
Host Countries in the
Western Hemisphere
Brazil
87%
Top Combined
Medal Winning Countries
Germany
86%
Top Combined
Medal Winning Countries
France
85%
Host Countries in the
Western Hemisphere
Mexico
84%
Olympic Swimming StrokesBreaststroke
84%
Years the Olympics Were Cancelled1944
79%
Olympic Swimming StrokesFreestyle
79%
Events in the DecathlonLong Jump
78%
Events in the DecathlonHigh Jump
77%
Years the Olympics Were Cancelled1940
77%
Events in the Decathlon100 Meter Run
76%
Events in the DecathlonJavelin
75%
Top Combined
Medal Winning Countries
Soviet Union
71%
Events in the Decathlon110 Meter Hurdles
71%
Events in the DecathlonShot Put
71%
Top Combined
Medal Winning Countries
Italy
71%
Years the Olympics Were Cancelled1916
71%
Events in the BiathlonRifle Shooting
70%
Events in the DecathlonDiscus
69%
Events in the Decathlon400 Meter Run
63%
Events in the BiathlonCross-country Skiing
61%
Events in the DecathlonPole Vault
59%
Events in the Decathlon1500 Meter Run
53%
New Sports Introduced in 2016Golf
42%
Top Combined
Medal Winning Countries
Sweden
39%
New Sports Introduced in 2016Rugby Sevens
26%

Score Distribution

Percentile by Number Answered

Percent of People with Each Score

Your Score History

You have not taken this quiz